| 000 | 00591nam a22002177a 4500 | ||
|---|---|---|---|
| 003 | OSt | ||
| 005 | 20140521213002.0 | ||
| 008 | 140519b xxu||||| |||| 00| 0 eng d | ||
| 020 | _a978-550-693-0 | ||
| 040 | _cBMC | ||
| 082 | _a060.068 | ||
| 082 | _a395 | ||
| 100 | 1 |
_919028 _aMolina del Prado, Graciela |
|
| 245 | 1 | 0 |
_aComo organizar eventos _cGraciela Molina del Prado |
| 260 |
_aBuenos Aires _bLongseller _c2008 |
||
| 300 |
_a144 p. _c19 cm |
||
| 490 | _aGuías prácticas | ||
| 650 | 2 | 4 |
_919027 _aCongresos y asambleas _xOrganización |
| 650 | 2 | 4 |
_913782 _aEtiqueta |
| 942 |
_2ddc _cBK |
||
| 999 |
_c10156 _d10156 |
||